Normal view MARC view
  • Vida intelectual

Entry Materia

Number of records used in: 4

001 - NÚMERO DE CONTROL DEL REGISTRO

  • campo de control: 19415

003 - IDENTIFICADOR DE NUMERO DE CONTROL

  • campo de control: MX-MxUPN

005 - FECHA Y HORA DE LA ÚLTIMA TRANSACCIÓN

  • campo de control: 20260331113207.0

008 - DATOS DE LONGITUD FIJA

  • campo de control de longitud fija: 250808n| fcnnnaabn | ana |d

035 ## - NÚMERO DE CONTROL DEL SISTEMA

  • Número de control del sistema: UPN10000019424

040 ## - FUENTE DE LA CATALOGACIÓN

  • Centro catalogador de origen: MX-MxUPN
  • Lengua de catalogación: spa
  • Agencia de transcripción: MX-MxUPN

150 ## - ENCABEZAMIENTO - TEMÁTICO

  • Término de materia o nombre geográfico como elemento inicial: Vida intelectual
  • Subdivisión de materia general: Historia

450 ## - VÉASE - MATERIA

  • Encabezamiento temático: Historia intelectual

670 ## - FUENTE EN LA QUE SE LOCALIZARON DATOS

  • Cita de la fuente: LC
  • Información localizada: Intellectual life - History

902 ## - CATALOGADOR

  • Catalogador: BDV/270804
  • Catalogador: JohanaAllegre/310326